Statistics for Airplane

Click here to take the quiz!

General Stats

  • This quiz has been taken 17 times
  • The average score is 9 of 10

Answer Stats

Answer% Correct
747
100%
777
100%
737
94%
Concord
94%
787
88%
A320
88%
A330
88%
A350
88%
A380
88%
A340
81%

Score Distribution

Percentile by Number Answered

Percent of People with Each Score

Your Score History

You have not taken this quiz